| 000 | 00752cam a2200241 4500 | ||
|---|---|---|---|
| 008 | |||
| 020 | _a0070713375 (hbk.) | ||
| 049 | _aMAIN | ||
| 090 |
_aTR693 _bWOL |
||
| 100 | 1 | _aWolf, Paul R. | |
| 245 | 1 | 0 |
_aElements of photogrammetry : _b(with air photo interpretation and remote sensing) / _c[by] Paul R. Wolf. |
| 260 |
_aNew York : _bMcGraw-Hill, _c1974. |
||
| 300 |
_axiii, 562 p. : _bill. ; _c24 cm. |
||
| 504 | _aIncludes bibliographical references. | ||
| 650 | 0 | _aPhotogrammetry. | |
| 650 | 0 | _aAerial photogrammetry. | |
| 650 | 0 | _aPhotographic interpretation. | |
| 907 |
_a.b1006977x _b11-04-13 _c17-04-03 |
||
| 003 | |||
| 005 | 20230123134329.0 | ||
| 040 | _cNUST | ||
| 942 |
_cBOOKS _kTR693 _mWOL |
||
| 999 |
_c164044 _d164044 |
||